000
00348nam a2200133 a 4500
005
20140414131914.0
008
100915s19uu xx 00 eng d
050
_a
FIC
_b
Sp4 2004
100
_a
Gunter, Jacob Ben
245
_a
The daily bulge stories.
260
_b
Harper festival,
_c
2004.
_a
New York :
440
_a
Spider-man 2
999
_c
111388
_d
111388